DSGE modely v podmienkach SR dizertačná práca

Guardado en:
Detalles Bibliográficos
Autor principal: Horvát, Peter
Autor Corporativo: Fakulta hospodárskej informatiky EU. Katedra operačného výskumu a ekonometrie
Otros Autores: Goga, Marián
Formato: Libro
Lenguaje:eslovaco
Publicado: Bratislava 2015
Materias:
Etiquetas: Agregar Etiqueta
Sin Etiquetas, Sea el primero en etiquetar este registro!

MARC

LEADER 00000nbm a2200000 4500
001 0206543
005 20240502073430.8
041 0 |a slo 
044 |a SK 
245 1 0 |a DSGE modely v podmienkach SR  |b dizertačná práca  |c Peter Horvát ; školiteľ: Marián Goga 
264 1 |a Bratislava  |c 2015 
300 |a 137 s. 
610 2 0 |a modely DSGE 
610 2 0 |a modely ekonometrické 
610 2 0 |a modely ekonomicko-matematické 
100 1 |a Horvát, Peter 
700 1 |a Goga, Marián 
710 2 |a Fakulta hospodárskej informatiky EU. Katedra operačného výskumu a ekonometrie